000 00406nam a2200157Ia 4500
003 GCL
008 140319s9999 xx 000 0 ara d
040 _aGCL /
_cGCL
082 0 4 _a813.01
_bف م
100 1 _aفتحى سلامة
245 1 0 _aمواطن فى مهمة انتحارية /
_cفتحى سلامة
300 _a179 ص
490 _a
650 0 4 _aالقصص العربية
942 _2ddc
_cBK
999 _c37782
_d37782